| 000 | 00839cam a2200265 i 4500 | ||
|---|---|---|---|
| 001 | 4419 | ||
| 003 | BD-RjUL | ||
| 005 | 20211208233904.0 | ||
| 008 | 131222s1976 enk b 001 0 eng | ||
| 020 | _a0421209909 : | ||
| 035 | _a(BD-RjUL)4454 | ||
| 040 |
_aDLC _cDLC _dDLC _dBD-RjUL _beng |
||
| 041 | _aeng | ||
| 082 | 0 | 0 |
_a346.669066 _bORN 1976 |
| 100 | 1 |
_aOrojo, J. Ola. _913979 |
|
| 245 | 1 | 0 |
_aNigerian company law and practice / _cJ. Ola Orojo. |
| 260 |
_aLondon : _bSweet & Maxwell, _cc1976. |
||
| 300 |
_aliii, 571 p. ; _c22 cm. |
||
| 504 | _aIncludes bibliographical references and index. | ||
| 650 | 0 |
_aCorporation law _zNigeria. _913980 |
|
| 856 | _uhttp://www.worldcat.org/title/nigerian-company-law-and-practice/oclc/2598083&referer=brief_results | ||
| 942 |
_2ddc _cBK |
||
| 999 |
_c4419 _d4419 |
||